000
00273nam a2200109Ia 4500
005
20251222153643.0
008
251222s9999||||xx |||||||||||||| ||spa||
082
_a
869.335/N44S
100
_a
"Neruda, Pablo"
245
0
_a
Sumario: Libro de donde nace la lluvia
942
_c
LIB
999
_c
32816
_d
32816